Fundamentals of systems analysis with Application Design
Αποθηκεύτηκε σε:
| Κύριος συγγραφέας: | |
|---|---|
| Μορφή: | Βιβλίο |
| Γλώσσα: | English |
| Δημοσίευση: |
Boston :
Boyd and Fraser,
1987
|
| Θέματα: | |
| Ετικέτες: |
Προσθήκη ετικέτας
Δεν υπάρχουν, Καταχωρήστε ετικέτα πρώτοι!
|
MARC
| LEADER | 00000nam a2200000 i 4500 | ||
|---|---|---|---|
| 001 | 1/46460 | ||
| 008 | 960112s1987 eng d | ||
| 020 | |a 0878352244 | ||
| 035 | |l 10026325 | ||
| 040 | |a GR-MY-UA |b gre |e aacr | ||
| 041 | 0 | |a eng | |
| 082 | 0 | |a 003 | |
| 100 | 1 | |a Licker, Paul S. |q (Paul Steven) |d 1944- | |
| 245 | 1 | 0 | |a Fundamentals of systems analysis with Application Design / |c Paul Steve Licker |
| 260 | |a Boston : |b Boyd and Fraser, |c 1987 | ||
| 300 | |a 681 p | ||
| 650 | 0 | 0 | |a System design. |
| 650 | 0 | 0 | |a System analysis. |
| 650 | 0 | 0 | |a Electronic data processing |x Structured techniques. |
| 852 | |a INST |b CHIOS |e 19960112 |h 003 LIC |p 005200002401 |q 005200002401 |t BK |y 0 | ||
| 909 | |a Χ |b 012979 | ||